A konferencia programja

Elmentve itt :
Bibliográfiai részletek
Testületi szerző: A Szent Domonkos rend és a kunok (2015) (Kunszentmárton)
Dokumentumtípus: Könyv része
Megjelent: 2016
Sorozat:A vallási kultúrakutatás könyvei
A Szent Domonkos Rend és a kunok
Kulcsszavak:Kunok története - konferencia - program, Domonkos-rend - konferencia - program
Tárgyszavak:
Online Access:http://acta.bibl.u-szeged.hu/67379
LEADER 00920naa a2200241 i 4500
001 acta67379
005 20211004083431.0
008 200415s2016 hu o 0|| hun d
020 |a 978-963-306-465-8 
022 |a 2064-4825 
040 |a SZTE Egyetemi Kiadványok Repozitórium  |b hun 
041 |a hun 
245 0 2 |a A konferencia programja  |h [elektronikus dokumentum] 
260 |c 2016 
300 |a 152 
490 0 |a A vallási kultúrakutatás könyvei 
490 0 |a A Szent Domonkos Rend és a kunok 
650 4 |a Bölcsészettudományok 
650 4 |a Történettudomány és régészet 
650 4 |a Filozófia, etika és vallástudományok 
695 |a Kunok története - konferencia - program, Domonkos-rend - konferencia - program 
710 |a A Szent Domonkos rend és a kunok (2015) (Kunszentmárton) 
856 4 0 |u http://acta.bibl.u-szeged.hu/67379/1/vallasi_kulturakutatas_konyvei_022_152.pdf  |z Dokumentum-elérés